International Relation and World Politics/ (Record no. 206893)

MARC details
000 -LEADER
fixed length control field 00644nam a22002177a 4500
005 - DATE AND TIME OF LATEST TRANSACTION
control field 20260127125733.0
010 ## - LCCN (DPL NO)
LC control number ENG-142567 ENG-147663
020 ## - INTERNATIONAL STANDARD BOOK NUMBER
Terms of availability 1000.00
International Standard Book Number 9788193445945
020 ## - INTERNATIONAL STANDARD BOOK NUMBER
Terms of availability 995.00
035 ## - SYSTEM CONTROL NUMBER
System control number EN-126099
035 ## - SYSTEM CONTROL NUMBER
System control number EN-131195
037 ## - SOURCE OF ACQUISITION
Source of stock number/acquisition DBAD
082 ## - DEWEY DECIMAL CLASSIFICATION NUMBER
Classification number 327
100 ## - MAIN ENTRY--PERSONAL NAME
Personal name Chandra, M.
245 ## - TITLE STATEMENT
Title International Relation and World Politics/
Statement of responsibility, etc By M.Chandra
260 ## - PUBLICATION, DISTRIBUTION, ETC. (IMPRINT)
Place of publication, distribution, etc Delhi
Name of publisher, distributor, etc S.P. Kaushik Enterprises
Date of publication, distribution, etc 2024
270 ## - ADDRESS
City Delhi
Address A-49, Ground Floor, Gali No. 6 Jagatpiri Extension
Postal code 110093
300 ## - PHYSICAL DESCRIPTION
Extent 264p.
Dimensions 22cm(hb)
700 ## - ADDED ENTRY--PERSONAL NAME
Personal name Ramu, Gopu
9 (RLIN) 73702
942 ## - ADDED ENTRY ELEMENTS (KOHA)
Source of classification or shelving scheme Dewey Decimal Classification
Item type English Books
Classification part 327
Call number suffix CHA
Holdings
Withdrawn status Lost status Not for loan Collection code Home library Current library Date acquired Source of acquisition Cost, normal purchase price Full call number Barcode Copy number Cost, replacement price Koha item type
      Non-fiction Bawana Bawana 05/11/2024 DBAD 1000.00 327 CHA EN-126099 1 1000.00 English Books
      Non-fiction Mobile Library Mobile Library 27/01/2026 Delivery of Books Act Division 995.00 327 CHA EN-131195 1 995.00 English Books

© Delhi Public Library
Hit Counter
free hit counter